Statistics for 75 Americans Named John

Click here to take the quiz!

General Stats

  • This quiz has been taken 21,040 times
  • The average score is 27 of 75

Answer Stats

HintleAnswer% Correct
Second President of the U.S.John Adams
87%
Married Jacqueline Bouvier in 1953John F. Kennedy
81%
He starred as Captain Jack SparrowJohnny Depp
75%
Western actor known as "The Duke"John Wayne
69%
He shot LincolnJohn Wilkes Booth
69%
Star of "Saturday Night Fever"John Travolta
68%
Jamestown leader who was
saved by Pocahontas
John Smith
65%
"Rocky Mountain High" singerJohn Denver
60%
First billionaire in U.S. historyJohn D. Rockefeller
60%
Founder of a plow company now
known for making tractors
John Deere
59%
Legendary planter of apple treesJohnny Appleseed
59%
2008 Republican nomineeJohn McCain
58%
Recorded a concert at Folsom PrisonJohnny Cash
58%
"All of Me" singer married to
Chrissy Teigen ​
John Legend
56%
Author of "The Grapes of Wrath"John Steinbeck
56%
Wrote the music for "Star Wars"John Williams
56%
First signatory of the
Declaration of Independence
John Hancock
52%
Democratic nominee in 2004John Kerry
49%
"You give love a bad name", he sangJon Bon Jovi
49%
Founded a car company made famous
by "Back to the Future"
John DeLorean
48%
Football coach, namesake of a popular
video game series
John Madden
48%
First American to orbit EarthJohn Glenn
47%
Member of a famous film family
whose other members include
Lionel, Ethel, and Drew
John Barrymore
44%
Tennis rival of Jimmy ConnorsJohn McEnroe
44%
Long-time host of "The Tonight Show"Johnny Carson
44%
Angelina Jolie's fatherJon Voight
44%
Abolitionist who raided Harper's FerryJohn Brown
43%
Star of "Animal House"John Belushi
39%
13x WWE wrestling championJohn Cena
39%
Played Jim in "The Office"John Krasinski
39%
Starred as Roseanne's husbandJohn Goodman
38%
Uncle Jesse on "Full House"John Stamos
38%
Star of "Mad Men"Jon Hamm
38%
Singer of "Small Town" and
"Jack and Diane"
John Mellancamp
37%
Former host of "The Daily Show"Jon Stewart
36%
Singer who has dated
Jessica Simpson, Jennifer Aniston,
and Taylor Swift
John Mayer
35%
Writer of legal thrillers such as
"The Pelican Brief"
John Grisham
34%
Inventor of a marching tuba which
bears his name
John Philip Sousa
34%
Tenth President of the U.S.John Tyler
33%
Current Chief JusticeJohn Roberts
31%
Led the Broncos to five Super BowlsJohn Elway
30%
"The Fault in Our Stars" authorJohn Green
30%
Star of "Say Anything..." and
"Grosse Pointe Blank"
John Cusack
29%
Gentlemanly bank robber shot by
federal agents in 1934
John Dillinger
28%
Lead singer of Creedence
Clearwater Revival
John Fogerty
28%
"3rd Rock from the Sun" starJohn Lithgow
28%
Recorded many assists passing
to Karl Malone
John Stockton
27%
Director of "Halloween" and "The Thing"John Carpenter
25%
Won four Oscars for Best Director,
including for "The Grapes of Wrath"
John Ford
25%
Gangster known as "The Teflon Don"John Gotti
25%
Namesake of a society of
bird watchers
John James
Audubon
25%
Naval commander during the
American Revolution
John Paul Jones
25%
Director of "The Breakfast Club"
and "Pretty in Pink"
John Hughes
24%
"Three's Company" starJohn Ritter
24%
"Swingers" actor and "Iron Man" directorJon Favreau
24%
Portly golfer known for driving distanceJohn Daly
23%
Starred in "Boogie Nights" and
"Talladega Nights"
John C. Reilly
22%
Running mate of the aboveJohn Edwards
21%
Colts QB who lost to Joe Namath
in Super Bowl III
Johnny Unitas
21%
Legendary steel-driving manJohn Henry
20%
Republican Speaker of the House,
2011–2015
John Boehner
19%
Economist depicted in the movie
"A Beautiful Mind"
John Forbes
Nash
19%
First Chief Justice of the
Supreme Court
John Jay
19%
Best catcher in Cincinnati Reds historyJohnny Bench
19%
Jazz saxophonist who recorded
"A Love Supreme"
John Coltrane
16%
WWI general known as "Black Jack"John J. Pershing
16%
Director of "Hairspray" and
"Pink Flamingos"
John Waters
16%
Composer who recorded 4 minutes
and 33 seconds of silence
John Cage
12%
Fur baron once the richest
man in America
John Jacob Astor
12%
He played Jesus in "The Big Lebowski"John Turturro
12%
"The World According to Garp" authorJohn Irving
11%
Sierra Club co-founderJohn Muir
11%
Chicago folk singer who died of CovidJohn Prine
8%
Explorer who became the first
Republican nominee for
President in 1856
John C. Fremont
7%
Hungarian-born mathematician
considered to be one of
the smartest people of all-time
John von
Neumann
6%

Score Distribution

Percentile by Number Answered

Percent of People with Each Score

Your Score History

You have not taken this quiz